000
00317nam a22001337a 4500
020
_a
978-81-264-4948-4
082
_a
894.812
_b
PIL/S
100
_a
SANJEEV.S.PILLA
245
_a
SCHOOL KALOLTSAVAM ARIYENDATHELLAM
260
_a
KERALA
_b
DC BOOKS
_c
2014
300
_a
110
650
_a
ENTERTAINMENT
_z
KERALA
942
_c
BK
999
_c
1038
_d
1038